Designing secure software : (Record no. 7899)

MARC details
000 -LEADER
fixed length control field 01739cam a2200385 i 4500
001 - CONTROL NUMBER
control field 22107389
003 - CONTROL NUMBER IDENTIFIER
control field n
005 - DATE AND TIME OF LATEST TRANSACTION
control field 20250911094950.0
008 - FIXED-LENGTH DATA ELEMENTS--GENERAL INFORMATION
fixed length control field 210630s2022 caua 001 0 eng
010 ## - LIBRARY OF CONGRESS CONTROL NUMBER
LC control number 2021032322
020 ## - INTERNATIONAL STANDARD BOOK NUMBER
International Standard Book Number 9781718501928
Qualifying information (print)
020 ## - INTERNATIONAL STANDARD BOOK NUMBER
Canceled/invalid ISBN 9781718501935
Qualifying information (ebook)
035 ## - SYSTEM CONTROL NUMBER
System control number 22107389
040 ## - CATALOGING SOURCE
Original cataloging agency DLC
Language of cataloging eng
Transcribing agency DLC
Description conventions rda
Modifying agency DLC
042 ## - AUTHENTICATION CODE
Authentication code pcc
050 #0 - LIBRARY OF CONGRESS CALL NUMBER
Classification number QA76.758
Item number .K675 2022
082 00 - DEWEY DECIMAL CLASSIFICATION NUMBER
Classification number 005.1 K675 2022
Edition number 23
100 1# - MAIN ENTRY--PERSONAL NAME
Personal name Kohnfelder, Loren,
Relator term author.
245 10 - TITLE STATEMENT
Title Designing secure software :
Remainder of title a guide for developers /
Statement of responsibility, etc. Loren Kohnfelder.
264 #1 - PRODUCTION, PUBLICATION, DISTRIBUTION, MANUFACTURE, AND COPYRIGHT NOTICE
Place of production, publication, distribution, manufacture San Francisco :
Name of producer, publisher, distributor, manufacturer No Starch Press,
Date of production, publication, distribution, manufacture, or copyright notice [2022]
300 ## - PHYSICAL DESCRIPTION
Extent xxxi, 291 pages :
Other physical details illustrations ;
Dimensions 24 cm
336 ## - CONTENT TYPE
Content type term text
Content type code txt
Source rdacontent
337 ## - MEDIA TYPE
Media type term unmediated
Media type code n
Source rdamedia
338 ## - CARRIER TYPE
Carrier type term volume
Carrier type code nc
Source rdacarrier
500 ## - GENERAL NOTE
General note Includes index.
520 ## - SUMMARY, ETC.
Summary, etc. "An introduction to computer security that focuses on basic security concepts, like threats and how developers mitigate them. It covers the process of reviewing design documents with security in mind and explores techniques attackers use to exploit systems and how to protect against them with secure coding and development practices"--
Assigning source Provided by publisher.
650 #0 - SUBJECT ADDED ENTRY--TOPICAL TERM
Topical term or geographic name entry element Software engineering.
650 #0 - SUBJECT ADDED ENTRY--TOPICAL TERM
Topical term or geographic name entry element Software architecture.
650 #0 - SUBJECT ADDED ENTRY--TOPICAL TERM
Topical term or geographic name entry element Computer security.
650 #0 - SUBJECT ADDED ENTRY--TOPICAL TERM
Topical term or geographic name entry element Application software
General subdivision Development.
776 08 - ADDITIONAL PHYSICAL FORM ENTRY
Relationship information Online version:
Main entry heading Kohnfelder, Loren.
Title Designing secure software
Place, publisher, and date of publication San Francisco : No Starch Press, Inc., 2022
International Standard Book Number 9781718501935
Record control number (DLC) 2021032323
906 ## - LOCAL DATA ELEMENT F, LDF (RLIN)
a 7
b cbc
c orignew
d 1
e ecip
f 20
g y-gencatlg
942 ## - ADDED ENTRY ELEMENTS (KOHA)
Source of classification or shelving scheme Dewey Decimal Classification
Koha item type English Book
Suppress in OPAC No
Holdings
Withdrawn status Lost status Source of classification or shelving scheme Damaged status Not for loan Home library Current library Date acquired Total Checkouts Full call number Barcode Date last seen Price effective from Koha item type Copy number
    Dewey Decimal Classification     CENTRAL CENTRAL 09/11/2025   005.1 K675 2022 1000000020261 09/11/2025 09/11/2025 English Book  
    Dewey Decimal Classification     CENTRAL WOMEN 11/25/2025   005.1 K675 2022 1000000020294 11/25/2025 11/25/2025 English Book C2